000 01077nam a2200193 a 4500
001 56650
005 20180714052520.0
008 140415s2011 sp 000 0 spa d
020 _a9788467006636
041 _aspa
082 _a036
_bENC
245 0 0 _aENCICLOPEDIA UNIVERSAL ILUSTRADA :
_bEUROPEO-AMERICANA SUPLEMENTO 2009-2010
250 _a1a ed.
260 _aESPAÑA :
_bESPASA-CALPE,
_c2011
300 _a419
_c17 x 5 x 25.3
500 _aJUAN MIGUEL SANCHEZ VIGIL, Y MARIA OLIVERA ZALDUA, SON EDITO
520 _aES LA GRAN ENCICLOPEDIA ESPAÑOLA DEL SIGLO XX, CONTINUADORA DE ANTERIORES PROYECTOS, COMO LA ENCICLOPEDIA MODERNA: DICCIONARIO UNIVERSAL DE LITERATURA, CIENCIAS, ARTES, AGRICULTURA, INDUSTRIA Y COMERCIO DE 29 TOMOS, CON APÉNDICES POSTERIORES HASTA LLEGAR A LOS 39 TOMOS, O LA PRIMERA ENCICLOPEDIA MODERNA EN MÚLTIPLES VOLÚMENES PUBLICADA EN LENGUA ESPAÑOLA, EL DICCIONARIO ENCICLOPÉDICO HISPANO AMERICANO DE LA EDITORIAL MONTANER Y SIMÓN, PUBLICADO EN 26 VOLÚMENES ENTRE 1887 Y 1899.
650 1 4 _aENCICLOPEDIAS Y DICCIONARIOS
999 _c56650
_d56650